Eurovision Song Contest - Pictures - Statistics

General Stats
  • This quiz has been taken 65 times
  • The average score is 17 of 20
Answer Stats
Picture Answer % Correct
Sweden
98%
Ireland
96%
Portugal
96%
Switzerland
96%
United Kingdom
96%
Finland
93%
Ukraine
93%
Denmark
89%
Iceland
89%
Croatia
85%
Germany
84%
Italy
84%
Estonia
82%
Israel
82%
Spain
82%
Turkey
82%
Australia
80%
France
76%
Netherlands
76%
Luxembourg
65%
No matching quizzes found
Score Distribution
Percent of People with Each Score
Percentile by Number Answered
Your Score History
You have not taken this quiz